<?xml version="1.0" encoding="UTF-8"?>
<record
    xmlns:xsi="http://www.w3.org/2001/XMLSchema-instance"
    xsi:schemaLocation="http://www.loc.gov/MARC21/slim http://www.loc.gov/standards/marcxml/schema/MARC21slim.xsd"
    xmlns="http://www.loc.gov/MARC21/slim">

  <leader>03243nam a2200541Ia 4500</leader>
  <controlfield tag="001">2841</controlfield>
  <controlfield tag="008">241029s9999    xx            000 0 und d</controlfield>
  <datafield tag="010" ind1=" " ind2=" ">
    <subfield code="a">2673</subfield>
  </datafield>
  <datafield tag="041" ind1=" " ind2=" ">
    <subfield code="a">Espa&#xF1;ol</subfield>
  </datafield>
  <datafield tag="082" ind1=" " ind2=" ">
    <subfield code="a">NO APLICA</subfield>
  </datafield>
  <datafield tag="245" ind1=" " ind2="0">
    <subfield code="a">Sistema de evaluaci&#xF3;n del desempe&#xF1;o de los docentes, Centro Educativo Baldera Gil, Santiago, Rep&#xFA;blica Dominicana, 2011</subfield>
  </datafield>
  <datafield tag="260" ind1=" " ind2=" ">
    <subfield code="a">Santiago</subfield>
  </datafield>
  <datafield tag="300" ind1=" " ind2=" ">
    <subfield code="a">66</subfield>
  </datafield>
  <datafield tag="520" ind1=" " ind2=" ">
    <subfield code="a">27</subfield>
  </datafield>
  <datafield tag="630" ind1=" " ind2=" ">
    <subfield code="a">Desempe&#xF1;o Docente</subfield>
  </datafield>
  <datafield tag="630" ind1=" " ind2=" ">
    <subfield code="a">Sistema de Evaluaci&#xF3;n</subfield>
  </datafield>
  <datafield tag="650" ind1=" " ind2=" ">
    <subfield code="a">Gesti&#xF3;n Educativa</subfield>
  </datafield>
  <datafield tag="690" ind1=" " ind2=" ">
    <subfield code="a">Elaborado</subfield>
  </datafield>
  <datafield tag="700" ind1=" " ind2=" ">
    <subfield code="e">asesor</subfield>
    <subfield code="a">Reyes, Rafael</subfield>
  </datafield>
  <datafield tag="700" ind1=" " ind2=" ">
    <subfield code="e">autor</subfield>
    <subfield code="a">Gil, Adenia E</subfield>
  </datafield>
  <datafield tag="700" ind1=" " ind2=" ">
    <subfield code="e">autor</subfield>
    <subfield code="a">Baldera, Ferm&#xED;n </subfield>
  </datafield>
  <datafield tag="901" ind1=" " ind2=" ">
    <subfield code="a">{"1":"Gil","2":"Baldera"}</subfield>
    <subfield code="b">{"1":"Adenia E","2":"Ferm&#xED;n "}</subfield>
  </datafield>
  <datafield tag="902" ind1=" " ind2=" ">
    <subfield code="a">1</subfield>
  </datafield>
  <datafield tag="903" ind1=" " ind2=" ">
    <subfield code="a">{"1":"Reyes"}</subfield>
    <subfield code="b">{"1":"Rafael"}</subfield>
  </datafield>
  <datafield tag="904" ind1=" " ind2=" ">
    <subfield code="a">Mag&#xED;ster en</subfield>
  </datafield>
  <datafield tag="905" ind1=" " ind2=" ">
    <subfield code="a">Gesti&#xF3;n Educativa</subfield>
  </datafield>
  <datafield tag="906" ind1=" " ind2=" ">
    <subfield code="a">2</subfield>
  </datafield>
  <datafield tag="907" ind1=" " ind2=" ">
    <subfield code="a">NO APLICA</subfield>
  </datafield>
  <datafield tag="908" ind1=" " ind2=" ">
    <subfield code="a">NO APLICA</subfield>
  </datafield>
  <datafield tag="909" ind1=" " ind2=" ">
    <subfield code="a">Universidad Nacional Evang&#xE9;lica (UNEV), Recinto Santiago</subfield>
  </datafield>
  <datafield tag="910" ind1=" " ind2=" ">
    <subfield code="a">NULL</subfield>
    <subfield code="b">NULL</subfield>
  </datafield>
  <datafield tag="911" ind1=" " ind2=" ">
    <subfield code="a">["1"]</subfield>
  </datafield>
  <datafield tag="912" ind1=" " ind2=" ">
    <subfield code="a">NO APLICA</subfield>
  </datafield>
  <datafield tag="913" ind1=" " ind2=" ">
    <subfield code="a">NULL</subfield>
  </datafield>
  <datafield tag="914" ind1=" " ind2=" ">
    <subfield code="a">01 de Noviembre de 2011</subfield>
  </datafield>
  <datafield tag="915" ind1=" " ind2=" ">
    <subfield code="a">29/09/14 01:09</subfield>
  </datafield>
  <datafield tag="916" ind1=" " ind2=" ">
    <subfield code="a">NULL</subfield>
  </datafield>
  <datafield tag="917" ind1=" " ind2=" ">
    <subfield code="a">NULL</subfield>
  </datafield>
  <datafield tag="918" ind1=" " ind2=" ">
    <subfield code="a">NO APLICA</subfield>
  </datafield>
  <datafield tag="919" ind1=" " ind2=" ">
    <subfield code="a">["62","184"]</subfield>
  </datafield>
  <datafield tag="520" ind1=" " ind2=" ">
    <subfield code="a">Los principales objetivos de la investigaci&#xF3;n consistieron en analizar el sistema de evaluaci&#xF3;n de desempe&#xF1;o del personal docente en el Centro Educativo Baldera Gil. Tambi&#xE9;n identificar las fortalezas y debilidades existentes en el actual sistema de evaluaci&#xF3;n de desempe&#xF1;o aplicado a los docentes del Centro Educativo (Centro EBG). El m&#xE9;todo empleado en la investigaci&#xF3;n fue el anal&#xED;tico. Como instrumento base se utiliz&#xF3; el cuestionario que se aplic&#xF3; a una poblaci&#xF3;n de 32 docentes de los niveles Inicial, B&#xE1;sico y Medio. Para el an&#xE1;lisis cualitativo se us&#xF3; EXCEL con el fin de tabular las tablas con los resultados.Entre los principales resultados de la investigaci&#xF3;n, se destaca que el Sistema de evaluaci&#xF3;n del desempe&#xF1;o del Centro Educativo Baldera Gil (Centro EBG), se ve afectado por la credibilidad, debido al nivel de subjetividad del mismo. Adem&#xE1;s, la administraci&#xF3;n de los resultados presenta debilidades en cuanto a la utilizaci&#xF3;n de los mismos, ya que no est&#xE1;n unidos a las compensaciones y los docentes sugieren que el desempe&#xF1;o se vincule al aspecto econ&#xF3;mico. Otra debilidad registrada son las competencias de los evaluadores los cuales deben estar mejor capacitados para estos fines. Tambi&#xE9;n concluye que las fortalezas del sistema son: la buena calidad del instrumento de evaluaci&#xF3;n, los factores de la evaluaci&#xF3;n est&#xE1;n alineados con los objetivos de la instituci&#xF3;n y con los del puesto de docente.La investigaci&#xF3;n sugiere profundizar, mediante un estudio, sobre la administraci&#xF3;n de los resultados de la evaluaci&#xF3;n, espec&#xED;ficamente en lo relativo a la vinculaci&#xF3;n de los mismos con las compensaciones y que se realice un estudio que determine la capacitaci&#xF3;n requerida para el equipo evaluador y as&#xED; lograr una mayor efectividad en la conducci&#xF3;n del proceso de evaluaci&#xF3;n del desempe&#xF1;o.</subfield>
  </datafield>
  <datafield tag="921" ind1=" " ind2=" ">
    <subfield code="a">11</subfield>
  </datafield>
  <datafield tag="922" ind1=" " ind2=" ">
    <subfield code="a">11</subfield>
  </datafield>
  <datafield tag="923" ind1=" " ind2=" ">
    <subfield code="a">0</subfield>
  </datafield>
  <datafield tag="924" ind1=" " ind2=" ">
    <subfield code="a">NO APLICA</subfield>
  </datafield>
  <datafield tag="942" ind1=" " ind2=" ">
    <subfield code="c">Tesis</subfield>
  </datafield>
  <datafield tag="999" ind1=" " ind2=" ">
    <subfield code="c">2673</subfield>
    <subfield code="d">2673</subfield>
  </datafield>
</record>
